MARC details
| 000 -CABECERA |
| campo de control de longitud fija |
00938nam a2200241 a 4500 |
| 005 - FECHA Y HORA DE LA ÚLTIMA TRANSACCIÓN |
| campo de control |
20230331121001.0 |
| 008 - ELEMENTOS DE LONGITUD FIJA--INFORMACIÓN GENERAL |
| campo de control de longitud fija |
991125s1971 ag 000 0 spa u |
| 035 ## - NÚMERO DE CONTROL DEL SISTEMA |
| Número de control de sistema |
UPN01000020381 |
| 040 ## - FUENTE DE LA CATALOGACIÓN |
| Centro catalogador/agencia de origen |
UPN |
| Lengua de catalogación |
spa |
| Centro/agencia transcriptor |
UPN |
| 049 ## - COLECCIÓN |
| Colección |
CG |
| 050 #4 - SIGNATURA TOPOGRÁFICA DE LA BIBLIOTECA DEL CONGRESO |
| Número de clasificación |
QA681 |
| Número de documento/Ítem |
E6.58 |
| 245 03 - MENCIÓN DE TÍTULO |
| Título |
La epistemología del espacio / |
| Mención de responsabilidad, etc. |
V. Bang ... [et al.] ; tr. Jorge A. Sirolli. |
| 260 ## - PUBLICACIÓN, DISTRIBUCIÓN, ETC. |
| Lugar de publicación, distribución, etc. |
Buenos Aires : |
| Nombre del editor, distribuidor, etc. |
El Ateneo, |
| Fecha de publicación, distribución, etc. |
1971. |
| 300 ## - DESCRIPCIÓN FÍSICA |
| Extensión |
289 p. : |
| Otras características físicas |
il. |
| 440 #0 - MENCIÓN DE SERIE/ASIENTO SECUNDARIO--TÍTULO |
| Título |
Biblioteca nuevas orientaciones de la educación. |
| Nombre de parte o sección de la obra |
Filosofía de la educación |
| 500 ## - NOTA GENERAL |
| Nota general |
"Estudios de epistemología genética publicados con la dirección de Jean Piaget" |
| 534 ## - NOTA SOBRE LA VERSIÓN ORIGINAL |
| Frase introductoria |
Traducción de: |
| Mención de título del original |
L'episte mologie de l'espace |
| 650 #4 - ASIENTO SECUNDARIO DE MATERIA - TERMINO TEMATICO |
| Término de materia o nombre geográfico como elemento de entrada |
GEOMETRIA - |
| Subdivisión general |
FUNDAMENTOS - |
| Subdivisión de forma |
DISCURSOS, ENSAYOS, CONFERENCIAS, ETC. |
| 650 #4 - ASIENTO SECUNDARIO DE MATERIA - TERMINO TEMATICO |
| Término de materia o nombre geográfico como elemento de entrada |
LOGICA SIMBOLICA Y MATEMATICA - |
| Subdivisión de forma |
DISCURSOS, ENSAYOS, CONFERENCIAS, ETC. |
| 700 1# - ASIENTO SECUNDARIO--NOMBRE DE PERSONAL |
| Nombre de persona |
Vinh, Bang |
| Término indicativo de función/relación |
coaut. |
| 9 (RLIN) |
44190 |
| 905 ## - TIPO DE MATERIAL |
| Tipo de material |
Libro |
| 942 ## - ELEMENTOS DE PUNTO DE ACCESO ADICIONAL (KOHA) |
| Fuente del sistema de clasificación o colocación |
Library of Congress Classification |
| Tipo de ítem Koha |
Libro |